Phong cách học tiếng Việt

Dẫn luận về phong cách học; các phong cách chức năng tiếng Việt; Nghiên cứu phong cách học từ vựng, cú pháp, ngữ nghĩa, ngữ âm tiếng Việt; Một vài đặc điểm của câu văn xuôi.

Wedi'i Gadw mewn:
Manylion Llyfryddiaeth
Awduron Eraill: Lê Anh Hiền Nguyễn Thái Hòa Võ Bình (Tác giả)
Fformat: Llyfr
Iaith:Vietnamese
Cyhoeddwyd: H. Giáo dục 1982
Pynciau:
Tagiau: Ychwanegu Tag
Dim Tagiau, Byddwch y cyntaf i dagio'r cofnod hwn!
Thư viện lưu trữ: Mạng thư viện Đại học Đà Nẵng
LEADER 01272nam a2200325 4500
001 000010173
003 6373
005 20120529150523.0
008 111117s1982 viesd
020 |c 5 
041 0 |a vie 
082 |a 808  |b Pho 
245 0 |a Phong cách học tiếng Việt  |c Cù Đình Tú, Lê Anh Hiền, Nguyễn Thái Hòa, Võ Bình 
260 |a H.  |b Giáo dục  |c 1982 
300 |a 269tr.  |c 19 cm 
504 |a Mục lục tr266 
520 |a Dẫn luận về phong cách học; các phong cách chức năng tiếng Việt; Nghiên cứu phong cách học từ vựng, cú pháp, ngữ nghĩa, ngữ âm tiếng Việt; Một vài đặc điểm của câu văn xuôi. 
653 |a Phong cách 
653 |a Tiếng Việt 
700 |a Lê Anh Hiền  |a Nguyễn Thái Hòa  |a Võ Bình  |e Tác giả 
OWN |a LSP 
AVA |a UDN50  |b LSP  |d 808 Pho  |e check_holdings  |t Error 5003 Not defined in file expand_doc_bib_avail.  |h N  |k 1 
999 |a From the UDN01 
AVA |a UDN50  |b LSP  |d 808 Pho  |e available  |t Error 5001 Not defined in file expand_doc_bib_avail.  |f 30  |g 2  |h N  |i 1  |k 1 
TYP |a Monograph 
TYP |a Printed language 
980 |a Mạng thư viện Đại học Đà Nẵng